000 01548nam a2200325 a 4500
001 000020968
005 20250311111111.0
008 100825s1993 dr r 000 0 spa d
040 _aDO-SdBNP
_bspa
_cBNPHU
082 _a001.4
_bH557t
100 1 _aHernández Disla, Pablo María,
_d1942-
_911
245 1 0 _aTeoría y práctica de la investigación científica /
_cPablo María Hernández ; prólogo Teresa Hidalgo Santos.
260 _aSanto Domingo :
_bUASD,
_c1993.
300 _a210 p. ;
_c21 cm.
490 1 _aPublicaciones de la Universidad Autónoma de Santo Domingo
_v738
490 1 _aFilosofía y sociedad
_v5
500 _aIncluye datos biográficos del autor en la contracubierta.
504 _aIncluye bibliografía y notas al pie de páginas.
504 _aBibliografía : p. 209-210.
505 0 _tLa metodología en la historia --
_tEl método --
_tLa teoría del conocimiento --
_tTesis en torno al conocimiento a la luz del pensamiento de Karl Poper --
_tLa ciencia --
_tLa investigación y el proyecto investigación --
_tTeoría, práctica e informe --
_tCronograma --
_tBibliografía.
590 _aInventariado,2018/DG
650 0 _a Investigación
_92
650 0 _a Ciencia -
_xMetodología
_93
650 4 _aProyectos de investigación
_912
650 4 _aTeoría del conocimiento
_913
700 1 _aHidalgo Santo, Teresa,
_epról.
_943914
830 0 _aPublicaciones de la Universidad Autónoma de Santo Domingo
_n738
_943915
830 0 _aFilosofía y sociedad
_n5
_943916
910 _aValidado. Control de calidad EMS
999 _c20471
_d20471